Kỹ thuật nuôi cá quả, cá chình, chạch, cá bống bóp, lươn
Zapisane w:
| 1. autor: | |
|---|---|
| Format: | Książka |
| Język: | Undetermined |
| Wydane: |
H.
Hà Nội
2002
|
| Hasła przedmiotowe: | |
| Etykiety: |
Dodaj etykietę
Nie ma etykietki, Dołącz pierwszą etykiete!
|
| Thư viện lưu trữ: | Trung tâm Học liệu Trường Đại học Cần Thơ |
|---|
| LEADER | 00539nam a2200181Ia 4500 | ||
|---|---|---|---|
| 001 | CTU_54594 | ||
| 008 | 210402s9999 xx 000 0 und d | ||
| 020 | |b 10000 | ||
| 082 | |a 639.31 | ||
| 082 | |b L550 | ||
| 100 | |a Ngô Trọng Lư | ||
| 245 | 0 | |a Kỹ thuật nuôi cá quả, cá chình, chạch, cá bống bóp, lươn | |
| 245 | 0 | |c Ngô Trọng Lư | |
| 260 | |a H. | ||
| 260 | |b Hà Nội | ||
| 260 | |c 2002 | ||
| 650 | |a freshwater fishes,fish-culture | ||
| 980 | |a Trung tâm Học liệu Trường Đại học Cần Thơ | ||